Normal view
MARC view
- Fitchen, Franklin C
Entry Personal Name
001 - CONTROL NUMBER
- control field: 113797
003 - CONTROL NUMBER IDENTIFIER
- control field: NUST
005 - DATE AND TIME OF LATEST TRANSACTION
- control field: 20230725092347.0
008 - FIXED-LENGTH DATA ELEMENTS
- fixed length control field: 230725|| aca||aabn | a|a d
040 ## - CATALOGING SOURCE
- Original cataloging agency: NUST
- Transcribing agency: NUST
100 ## - HEADING--PERSONAL NAME
- Personal name: Fitchen, Franklin C
670 ## - SOURCE DATA FOUND
- Source citation: Work cat.: (NUST)182085: Fitchen, Franklin C., Transistor circuit analysis and design /, 1960
